000 00605nam a2200181Ia 4500
008 100920s9999 xx 000 0 und d
082 _b98331
_a24 न 07
100 _aपॉल रॉबसन अनु .देशमुख पुरुषोत्तम.
245 _aहिअर आय स्टॅड.
260 _bसाकेत,औरंगाबाद.
_c2007
300 _a128
_bसाधी
365 _b100
520 _aसायो.
630 _aहिअर आय स्टॅड.
650 _aसायो.
730 _aहिअर आय स्टॅड.
942 _cBOOK
999 _c738769
_d738766